Eurostudent ciele a zameranie medzinárodného výskumného projektu
Základné ciele a obsahové zameranie medzinárodného výskumného projektu EUROSTUDENT, ktorý sa sústreďuje na zmapovanie sociálno-ekonomickej situácie študentov vysokých škôl v Európe.
Na minha lista:
| Autor principal: | |
|---|---|
| Formato: | Capítulo de Livro |
| Idioma: | eslovaco |
| Assuntos: | |
| Tags: |
Sem tags, seja o primeiro a adicionar uma tag!
|
MARC
| LEADER | 00000naa a2200000 4500 | ||
|---|---|---|---|
| 001 | 0235228 | ||
| 005 | 20220715112314.0 | ||
| 041 | 0 | |a slo | |
| 044 | |a SK | ||
| 245 | 1 | 0 | |a Eurostudent |b ciele a zameranie medzinárodného výskumného projektu |c František Blanár |
| 520 | |a Základné ciele a obsahové zameranie medzinárodného výskumného projektu EUROSTUDENT, ktorý sa sústreďuje na zmapovanie sociálno-ekonomickej situácie študentov vysokých škôl v Európe. | ||
| 610 | 2 | 0 | |a Európa |
| 610 | 2 | 0 | |a školy vysoké |
| 610 | 2 | 0 | |a študenti |
| 610 | 2 | 0 | |a vysokoškoláci |
| 610 | 2 | 0 | |a vzdelávanie vysokoškolské |
| 610 | 2 | 0 | |a situácia sociálna |
| 610 | 2 | 0 | |a financovanie školstva |
| 610 | 2 | 0 | |a výskum |
| 100 | 1 | |a Blanár, František | |